000 00784nam a2200289 a 4500
003 AR-BaBNM
005 20251128204917.0
008 082120s2002 ||||||||||||||000 | spa||
020 _a968-16-2819-5
040 _cAR-BaBNM
100 1 _aMaddison, Angus
245 0 0 _aDos crisis
_bAmérica Latina y Asia 1929-1938 y 1973-1983
250 _a1ª ed.
260 _aMéxico, D.F.
_bFondo de Cultura Económica
_c1988
300 _a126 p.
_btablas
490 0 _aEconomía contemporánea
504 _aBibliografía: p.117-123
650 4 _aCRISIS ECONOMICA
650 4 _aPOLITICA ECONOMICA
650 4 _aECONOMIA
650 4 _aDEUDA PUBLICA
651 4 _aAsia
651 4 _aAmérica Latina
700 1 _aSuárez, Eduardo L.
_etraductor
942 _cBK
998 _cEnrique
999 _c9299
_d9299